Movies Quiz

Random Movies or Star Wars Quiz

Star Wars Common Words Quiz Stats

 Plays Quiz Updated Sep 13, 2019

Support Sporcle.
Go Orange.
Score 0/213 Timer 20:00
2 Plays Today
Count Word % Correct
222A
93.4%
415The
92.7%
287I
90.1%
82For
88.5%
☆64☆Luke
85.1%
22Force
81.6%
363You
81.6%
117Be
77.2%
20An
75%
☆10☆Han
74.6%
80He
71.1%
29So
69.2%
66We
69.2%
10Star
68%
☆11☆Vader
67.6%
112Is
64.2%
52No
63.9%
138In
63.3%
139It
62.8%
107On
62.5%
293To
62.5%
19She
61.7%
74Me
61.4%
32Go
60%
48Do
59.7%
85And
59.3%
☆31☆Artoo / R2
58.7%
79Are
56.8%
☆13☆Threepio
55.3%
156Of
55%
20Her
54.9%
12Princess
54.6%
31They
54.3%
117Your
53.4%
54Can
53.3%
60With
52.3%
☆10☆Jedi
52.3%
21When
50.6%
91What
50.4%
67Not
49.9%
32Where
49.9%
39Us
48.2%
☆18☆Obi-Wan
48.1%
68My
47.4%
57There
47.3%
13Why
46.8%
31Ship
46.4%
91That
45.1%
47Will
44.6%
17Who
44.5%
133This
44.3%
20How
43.5%
14Yes
43.5%
☆13☆Droid
42.6%
82Have
42.3%
39One
41.7%
13Empire
41%
35We're
40.6%
20Were
40.6%
56If
40.6%
15Planet
39.1%
☆11☆Ben
39.1%
41Was
38.8%
40Them
38.8%
15Their
38.5%
14Father
38.5%
18Rebel
38.3%
22Or
37.8%
☆19☆Kenobi
37.7%
31At
37.4%
14Two
37%
Count Word % Correct
29Can't
37%
73Don't
37%
52Him
36.7%
71All
36.5%
43You're
36.3%
18His
36.3%
22Too
35.6%
74I'm
35.3%
49Out
35.2%
28As
35.1%
39Up
34.5%
25Could
34.3%
55But
33.7%
61Get
32.8%
25Our
32.6%
16Would
31.6%
37See
31.2%
24Down
30.9%
20From
30.8%
16Should
30.1%
65It's
30.1%
70Here
29.9%
13Side
29.5%
26Look
29.5%
26Time
29%
32Like
28.8%
19Good
28.7%
10Use
28.4%
21Help
27.9%
11Bad
27.9%
25Has
27.8%
30Only
27.6%
15Uncle
27.5%
15Blast
27%
20Did
26.9%
14These
26.7%
10Hope
26.4%
19Had
26%
24They're
25.7%
47Come
25.6%
12Over
25.4%
40Got
25.4%
42Now
25.4%
20Some
25.2%
28By
25%
71Going
24.4%
19Than
24%
40Know
24%
14Let
23%
28Been
22.7%
20Off
22.6%
11Master
22.4%
39Just
22.1%
12Never
22.1%
20Want
22%
44About
21.8%
23Old
21.6%
19Those
21.2%
30Take
20.8%
29More
20.7%
☆10☆Owen
19.7%
12Say
19.6%
11Away
19.5%
21Any
18.8%
36Well
18.8%
15We'll
18.8%
50Right
18.7%
☆16☆Droids
18.6%
10Try
18.4%
24I'll
18.4%
16Way
18.4%
Count Word % Correct
23Must
18.2%
17Power
18.1%
37Think
18%
19Into
17.9%
31Back
17.9%
12Thing
17.8%
16Long
17.5%
26Red
17.2%
29I've
16.4%
10Fire
15.9%
17Make
15.6%
15Find
15.5%
12Rebellion
15.5%
☆20☆Alderaan
15.4%
15Kid
15.2%
11Five
15.2%
23Oh
14.6%
12Battle
14.6%
15Imperial
14.5%
21Station
14.4%
22Before
14.4%
26He's
14.2%
25That's
13.7%
12Tell
13.5%
10I'd
13%
10Plans
12.7%
13Through
12.4%
17Little
12.1%
10Might
12%
15You'll
12%
14Base
11.9%
11Let's
11.7%
10Last
11.4%
11System
11.3%
18Didn't
11.3%
12Thought
11.2%
10Very
11.2%
15You've
10.9%
15Much
10.9%
12Around
10.9%
12Leader
10.3%
17Something
10.1%
14Stay
9.9%
13Okay
9.6%
11Even
9.3%
12Hey
8.5%
17We've
8.4%
46Sir
8.3%
18Hold
8.3%
13Better
8.2%
18Wait
8.1%
20There's
7.6%
☆10☆Sandpeople
7.5%
12Lot
7.1%
15Coming
6.9%
17Sure
6.6%
12Found
6.5%
11Really
6.5%
11Watch
6.4%
11Anything
6.4%
17What's
6.2%
☆10☆Biggs
6.1%
15Enough
5.1%
12Unit
4.5%
14Yourself
4.4%
11Standing
3.4%
12Talking
3.3%
10Uh
2.8%
10Range
2.7%
10Systems
2.6%
10Worry
2.6%

From the Vault

Hollywood Squares III

by big8dog88

Movies 7m
What about all the Hollywood Rectangles? They feel left out.
Remove Ads.
Support Sporcle.
Get the best of Sporcle when you Go Orange. This ad-free experience offers more features, more stats, and more fun while also helping to support Sporcle. Thank you for becoming a member.

Show Comments

Extras

Top Quizzes Today


Score Distribution

Your Account Isn't Verified!

In order to create a playlist on Sporcle, you need to verify the email address you used during registration. Go to your Sporcle Settings to finish the process.

Report this User

Report this user for behavior that violates our Community Guidelines.

Details: